00478nam a22001577a 450000500170000000800410001702000240005804000130008208200180009510000160011324500860012926000330021530000110024865000400025965000210029920260227101247.0260227b |||||||| |||| 00| 0 eng d a9781394222513 (hbk) cPK-LaUMT a658.11bAUL-D aAulet, Bill aDisciplined entrepreneurship :b24 steps to a successful startup /cby Bill Aulet aHoboken :bJohn Wiley,c2024 a349 p. aNew business enterprises-Management aEntrepreneurship